Deň židovskej kultúry - Deň holokaustu

Bibliographic Details
Main Author: Lipták, Mikuláš, 1957- (Author)
Format: Article
Language:Slovak
PhysicalDescription:Fotogr.
Subjects:

MARC

LEADER 00000nab a2200000 ar4500
001 vtls010328187
003 SK-MaSNL
005 20260304024427.0
008 180530c2011 xo mr|p|||||||000 b|slo
038 |a PPPK 
040 |a PPPKCL  |b slo  |c PPPKCL  |e AACR2 
041 0 |a slo 
044 |a xo  |c SK 
080 |a 323.12"1939/1945"  |2 2001 
080 |a 316.723:26  |2 2001 
100 1 |a Lipták, Mikuláš,  |d 1957-  |4 aut  |9 238303 
245 1 0 |a Deň židovskej kultúry - Deň holokaustu  |c Mikuláš Lipták 
300 |b Fotogr. 
610 2 7 |a Kežmarský hrad  |2 pppkcl  |9 165013 
611 2 7 |a Deň židovskej kultúry  |d (2011 :  |c Kežmarok, Slovensko)  |2 pppkcl  |9 1305187 
648 7 |a 9.9.2011  |2 pppkcl  |9 1296864 
650 0 7 |a holokaust (1939-1945)  |2 pppkcl  |9 160313 
650 0 7 |a Židia  |2 pppkcl  |9 3760 
650 0 7 |a židovská kultúra  |2 pppkcl  |9 4095 
651 7 |a Kežmarok (Slovensko)  |2 pppkcl  |9 26808 
773 0 |t Kežmarok  |g Roč. XIX, č. 18 (2011), s. 7 
852 |a PPPK  |b KIS3GCP 
999 |c 2621821  |d 2623751